000 00365cam a2200145ua 4500
003 OSt
008 241101b |||||||| |||| 00| 0 eng d
041 _aeng
082 _a621.47
_bPRY/No
100 _aPryde, Philip R .
_96361
245 _aNon conventional energy resources /
260 _aLondon :
_bJohn Wiley & Sons ,
_c1983.
300 _a270 ; .
942 _cBK
999 _c9837
_d9837